|
|
|
|
| LEADER |
00734cam a2200217 7i4500 |
| 001 |
0000036952 |
| 005 |
20221018090000.0 |
| 008 |
220915t2022 eng |
| 020 |
# |
# |
|a 9781398603189
|
| 040 |
# |
# |
|a MATR
|
| 090 |
0 |
0 |
|a B 658.8
|b ROW
|
| 100 |
1 |
# |
|a Rowles, Daniel
|e author
|
| 245 |
1 |
0 |
|a Digital branding :
|b A complete step-by-step guide to strategy, tactics, tools and measurement
|c Daniel Rowles.
|
| 264 |
# |
1 |
|a London:
|b Kogan Pag,
|c 2022.
|
| 300 |
# |
# |
|a xi, 216 pages:
|b illustrations;
|c 24 cm.
|
| 336 |
# |
# |
|a text
|2 rdacontent
|
| 337 |
# |
# |
|a unmediated
|2 rdamedia
|
| 338 |
# |
# |
|a volume
|2 rdacarrier
|
| 650 |
# |
0 |
|a Branding (Marketing)
|
| 650 |
# |
0 |
|a Internet marketing
|
| 999 |
|
|
|a B000041931
|b Book
|c Book
|e Business Information Centre
|